000 00673nam a22001937a 4500
005 20251108170011.0
008 250721s1993 xx 000 0 ara d
082 1 4 _a652.30285/سيل
100 1 _aسيلفر، جيرالد أ
245 1 0 _aمقايسات الطباعة بواسطة الكمبيوتر مع شرح مبسط لمبادىء الكمبيوتر /
264 1 _aالمنصورة :
_bدار اليقين للنشر و التوزيع،
_c1993.
300 _a193ص
650 1 7 _aالطباعة
650 1 7 _aالحواسيب
700 1 _aشاكر، محسن
_eترجمة
700 1 _aشاكر، محمد
_eترجمة
942 _2ddc
_cBK
999 _c37045
_d37045